LEADER 00971nam a2200229 i 4500 001 000000143860 003 CaOOAMICUS 005 20211102105059.0 008 051013n it u000 u ita u 013 $a119218 040 $aSeMil$bita 100 1 $aModorati, Luigi.$0(OLS)http://semarc/name/20089 245 10$aDescrizione storica della Basilica di S. Giovanni Battista in Monza /$c[ Luigi Modorati]. 264 1$a[S.l. :$bs.n.],$c[19-?] 300 $a178 p., [3] p. di tav. ;$c23 cm. 650 4$aMonza - Chiese - Basilica di San Giovanni Battista (Duomo).$0(OLS)http://semarc/subject/7871 850 $aSeMil 852 $aSeMil$W1$xVenegono$y1$m598 648 *$j96892$B96892$CSeMilBibl$Z2$F104298 $81 961 $aRecupero: Biblioteca Seminario Saronno 996 $6245$aDescrizione storica della Basilica di S. Giovanni Battista in Monza$9(OLS)http://semarc/title/210498 996 $6264$a[S.l. :$bs.n.]$9(OLS)http://semarc/publisher/29751 LEADER 00775nam a2200205 i 4500 001 000000165529 003 CaOOAMICUS 005 20240220144601.0 008 071018s1965 it u000 u ita u 040 $aSeMil$bita 100 1 $aEvtu?enko, Evgenij Aleksandrovi?,$d<1932-2017>.$0(OLS)http://semarc/name/15495 245 13$aLa centrale idroelettrica di Bratsk /$cEvgenij Evtusenko. 264 1$aMilano :$bRizzoli,$c1965. 300 $a172 p. ;$c21 cm. 850 $aSeMil 852 $aSeMil$W1$xVenegono$y1$m1T IV 105$j246389$B116723$CSeMilBibl$Z2$F127663 $81 961 $aRecupero: Altro 996 $6245$aLa centrale idroelettrica di Bratsk$9(OLS)http://semarc/title/236365 996 $6264$aMilano :$bRizzoli$9(OLS)http://semarc/publisher/29824